| 000 | 00365nam a2200121Ia 4500 | ||
|---|---|---|---|
| 008 | 180117s9999 xx 000 0 und d | ||
| 100 | _aby Virgilio S Almario | ||
| 245 | 4 | _aThe Nationalization and Modernization of Filipino | |
| 260 | _c2017 | ||
| 300 | _a14-16 pages, 2017 August 20 | ||
| 440 | _aPhilippine Panorama | ||
| 650 | _aNATIONALIZATION AND MODERNIZATION | ||
| 999 |
_c353436 _d353436 |
||